000 00952nam a2200289 i 4500
001 bg
003 BPK
005 20210520125959.0
008 s2005 pl f f |000 0 pol
020 _a8388840487
040 _cBPK
080 _a316.77
080 _a659.4
080 _a316.47
080 _a(083.1)
100 1 _aŻurek, Elżbieta.
_eAutor
245 1 0 _aSztuka wystąpień Czyli jak mówić, by osiągnąć cel /
_cElżbieta Żurek.
260 _aWarszawa :
_bWydawnictwo Poltext ;
_c2005.
300 _a120 s. :
_brys., tab. ;
_c21 cm +
_eCD ROM.
490 1 _aSzkoła Treningu Personalnego
655 _aPoradnik
650 4 _aPrezentacje i wystąpienia
830 0 _aSzkoła Treningu Personalnego
942 _cKS
_2udc
856 _uhttp://koha.tu.koszalin.pl/cgi-bin/koha/opac-detail.pl?biblionumber=54289
_yKatalog online BPK
999 _c54289
_d54289